Sparkling Cyanide (Record no. 137841)

MARC details
000 -LEADER
fixed length control field 00554nam a22002177a 4500
003 - CONTROL NUMBER IDENTIFIER
control field OSt
005 - DATE AND TIME OF LATEST TRANSACTION
control field 20260326151055.0
008 - FIXED-LENGTH DATA ELEMENTS--GENERAL INFORMATION
fixed length control field 260326b |||||||| |||| 00| 0 eng d
020 ## - INTERNATIONAL STANDARD BOOK NUMBER
International Standard Book Number 978-0-00-819633-2
040 ## - CATALOGING SOURCE
Transcribing agency SBCL
082 ## - DEWEY DECIMAL CLASSIFICATION NUMBER
Classification number 823
Item number CHR-S
100 ## - MAIN ENTRY--PERSONAL NAME
Personal name Christie,Agatha
245 ## - TITLE STATEMENT
Title Sparkling Cyanide
250 ## - EDITION STATEMENT
Edition statement 19 ed.
260 ## - PUBLICATION, DISTRIBUTION, ETC.
Place of publication, distribution, etc. Ireland
Name of publisher, distributor, etc. HarperCollins publishers Ltd
Date of publication, distribution, etc. 2017p.
300 ## - PHYSICAL DESCRIPTION
Extent 279p.
630 ## - SUBJECT ADDED ENTRY--UNIFORM TITLE
General subdivision Literature & rhetoric
650 ## - SUBJECT ADDED ENTRY--TOPICAL TERM
Topical term or geographic name entry element English & Old English literatures
650 ## - SUBJECT ADDED ENTRY--TOPICAL TERM
Topical term or geographic name entry element English fiction
942 ## - ADDED ENTRY ELEMENTS (KOHA)
Koha item type BOOK
Holdings
Withdrawn status Lost status Source of classification or shelving scheme Damaged status Not for loan Home library Current library Date acquired Total Checkouts Full call number Barcode Shelving location Date last seen Cost, replacement price Price effective from Koha item type
    Dewey Decimal Classification     SB LIBRARY SB LIBRARY 26/03/2026   823 CHR-S 143364 GENERAL STACK 26/03/2026 399.00 26/03/2026 BOOK

Powered by Koha